Veterinary reproduction and obstetrics (Record no. 85680)

MARC details
000 -LEADER
fixed length control field 00865 a2200277 4500
003 - CONTROL NUMBER IDENTIFIER
control field CBULib
005 - DATE AND TIME OF LATEST TRANSACTION
control field 20241030064203.0
008 - FIXED-LENGTH DATA ELEMENTS--GENERAL INFORMATION
fixed length control field 241021b |||||||| |||| 00| 0 eng d
020 ## - INTERNATIONAL STANDARD BOOK NUMBER
International Standard Book Number 9780702072338
040 ## - CATALOGING SOURCE
Language of cataloging English
Transcribing agency CBULib
Description conventions rda
041 ## - LANGUAGE CODE
Language code of text/sound track or separate title eng
050 ## - LIBRARY OF CONGRESS CALL NUMBER
Classification number SF 887 Noa
100 ## - MAIN ENTRY--PERSONAL NAME
Personal name Noakes, David E.
245 ## - TITLE STATEMENT
Title Veterinary reproduction and obstetrics
Statement of responsibility, etc / by David E. Noakes; Timothy J. Parkinson and Gary C.W. England
250 ## - EDITION STATEMENT
Edition statement Tenth edition
260 ## - PUBLICATION, DISTRIBUTION, ETC. (IMPRINT)
Name of publisher, distributor, etc Elsevier,
Date of publication, distribution, etc 2019
300 ## - PHYSICAL DESCRIPTION
Extent ix, 837 pages : illustrations
336 ## - CONTENT TYPE
Source rdacontent
Content type term Text |
Content type code txt
337 ## - MEDIA TYPE
Source rdamedia
Media type term Unmediated |
Media type code n
338 ## - CARRIER TYPE
Source rdacarrier
Carrier type term Volume
Carrier type code nc
650 #0 - SUBJECT ADDED ENTRY--TOPICAL TERM
9 (RLIN) 3785
Topical term or geographic name as entry element VETERINARY 0BSTETRICS
650 #0 - SUBJECT ADDED ENTRY--TOPICAL TERM
9 (RLIN) 3786
Topical term or geographic name as entry element DOMESTIC ANIMALS -- REPRODUCTION
700 ## - ADDED ENTRY--PERSONAL NAME
9 (RLIN) 3788
Personal name Parkinson, Timothy J
700 ## - ADDED ENTRY--PERSONAL NAME
9 (RLIN) 3789
Personal name England, Gary C.W
942 ## - ADDED ENTRY ELEMENTS (KOHA)
Source of classification or shelving scheme
Koha item type MONOGRAPH
Holdings
Withdrawn status Lost status Source of classification or shelving scheme Damaged status Not for loan Collection code Permanent Location Current Location Shelving location Date acquired Source of acquisition Cost, normal purchase price Full call number Barcode Date last seen Price effective from Koha item type
          CBU-Lusaka Campus CBU- LUSAKA CAMPUS CBU- LUSAKA CAMPUS General Stacks 10/21/2024 DON-BOOKAID 126.00 SF 887 Noa 752984 10/21/2024 10/21/2024 MONOGRAPH
          CBU-Lusaka Campus CBU- LUSAKA CAMPUS CBU- LUSAKA CAMPUS General Stacks 10/21/2024 DON-BOOKAID 126.00 SF 887 Noa 752983 10/21/2024 10/21/2024 MONOGRAPH